Представление документа в формате MARC21

Поле Инд. ПП Название Значение
Тип записи a
Библиографический уровень m
001 Контрольный номер RU/IS/BASE/351100947
005 Дата корректировки 20140703194017.6
040 a Служба первич. каталог. НБ ТвГУ
b Код языка каталог. rus
e Правила каталог. PSBO
041 0_ a Код языка текста rus
080 a Индекс УДК 811.161.1'42(043.3)
080 a Индекс УДК 821.161.1.09
080 a Индекс УДК 929Толстой
084 a Индекс другой классификации/Индекс ББК Ш141.12-7я031
084 a Индекс другой классификации/Индекс ББК Ш141.12-71Толстой.я031
084 a Индекс другой классификации/Индекс ББК Ш5(2=411.2)52-4Толстой Л.Н.457я031
090 a Полочн. индекс Ш141.12
x Авторский знак И 85
100 1_ a Автор Исакова Елена Михайловна
q Полное имя Исакова Е. М.
245 10 a Заглавие Внутренняя речь персонажей с позиций гендерной лингвистики (на материале романа Л. Н. Толстого "Анна Каренина")
b Продолж. заглавия автореф. дис. ... к.ф.н. : 10.02.01
c Ответственность ГОУ ВПО "Башк. гос. пед. ун-т им. М. Акмуллы", Каф. рус. яз.
260 a Место издания Уфа
b Издательство б. и.
c Дата издания 2011
300 a Объем 23 с.
500 a Примечание На правах рукоп.
504 a Библиография Библиогр.: с. 21-23 (16 назв.)
653 a Ключевые слова Авторефераты
a Ключевые слова Внутренняя речь
a Ключевые слова Гендерная лингвистика
a Ключевые слова Гендерные исследования
a Ключевые слова Лингвистический анализ
a Ключевые слова Литература
a Ключевые слова Писатели
a Ключевые слова Психолингвистика
a Ключевые слова Речь
a Ключевые слова Русская литература
a Ключевые слова Русские писатели
a Ключевые слова Русский язык
a Ключевые слова Стилистика русского языка
a Ключевые слова Толстой, Лев Николаевич, о нем
a Ключевые слова Язык писателей
a Ключевые слова Языкознание
710 a Организация/ юрисдикция Тверской государственный университет
901 t Тип документа m
920 a Оператор Густ
930 a Новая/Ретро авторефераты
a Новая/Ретро персоналии
952 c Вид литературы А/Р н
954 a Дата поступления на обработку 20110217